Thị trường ngoại hối và các giải pháp phòng ngừa rủi ro : Quản trị rủi ro tài chính

Sách trình bày về kỹ thuật kinh doanh và phòng ngừa rủi ro tỷ giá; giới thiệu những nghiệp vụ hối đoái mới nhất đang được áp dụng ở Việt Nam (nghiệp vụ giao ngay, nghiệp vụ có kỳ hạn, nghiệp vụ hoán đổi) và trên thế giới. Thị trường ho...

全面介紹

Đã lưu trong:
書目詳細資料
主要作者: Nguyễn, Minh Kiều
格式: 圖書
語言:Undetermined
出版: Hà Nội Thống kê 2008
主題:
標簽: 添加標簽
沒有標簽, 成為第一個標記此記錄!
Thư viện lưu trữ: Trung tâm Học liệu Trường Đại học Cần Thơ
LEADER 01308nam a2200217Ia 4500
001 CTU_140179
008 210402s9999 xx 000 0 und d
020 |c 44500 
082 |a 332.1 
082 |b K309 
100 |a Nguyễn, Minh Kiều 
245 0 |a Thị trường ngoại hối và các giải pháp phòng ngừa rủi ro : 
245 0 |b Quản trị rủi ro tài chính 
245 0 |c Nguyễn Minh Kiều 
260 |a Hà Nội 
260 |b Thống kê 
260 |c 2008 
520 |a Sách trình bày về kỹ thuật kinh doanh và phòng ngừa rủi ro tỷ giá; giới thiệu những nghiệp vụ hối đoái mới nhất đang được áp dụng ở Việt Nam (nghiệp vụ giao ngay, nghiệp vụ có kỳ hạn, nghiệp vụ hoán đổi) và trên thế giới. Thị trường hối đoái giao sau, thị trường quyền chọn và trình bày các phương pháp phòng chống rủi ro hối đoái 
650 |a Bank marketing,Banks and banking,International banks,Tiếp thị ngân hàng,Ngân hàng và nghiệp vụ ngân hàng,Ngân hàng quốc tế 
904 |i Trọng Hải 
980 |a Trung tâm Học liệu Trường Đại học Cần Thơ